000 00788nam a2200253 a 4500
001 40763
003 BD-RjUL
005 20211209053257.0
008 190417s1961 pk a b 00| 0 eng
035 _a(BD-RjUL)40878
040 _aBD-RjUL
_cBD-RjUL
_dBD-RjUL
_beng
041 _aeng
082 0 0 _a307.1412
_bHAA 1961
100 1 _aHaider, S. M.
_9230817
245 1 0 _aAttitudes of rural people toward village AID Programme /
_cS. M. Haider
260 _aPeshawar:
_bWest Pakistan Academy for Village Development,
_c1961
300 _aii, 22 p. ;
_c25 cm.
350 _a5.00
500 _a"Cover Title"
650 _aCommunity development
_zPakistan.
_9230818
650 _aSociology, Rural.
_9230819
651 _aPakistan
_xRural conditions.
_9230820
942 _2ddc
_cRAR
999 _c40763
_d40763